| 000 | 00671nam a2200217Ia 4500 | ||
|---|---|---|---|
| 003 | IN-BaIIA | ||
| 008 | 211028s9999 xx 000 0 eng d | ||
| 020 | _a978-07503-0946-2 | ||
| 040 | _cIIA Library | ||
| 080 |
_a524.3-17 _bKIT |
||
| 100 |
_aKitchin, C. R _913740 |
||
| 245 | 0 |
_aAstrophysical techniques _cC. R. Kitchin |
|
| 250 | _a4th ed. | ||
| 260 |
_aBristol _bInstitute of Physics _c2003 |
||
| 300 | _axvi, 493p. | ||
| 650 |
_aAstronomical instruments _94304 |
||
| 650 |
_aAstronomy. Technique _928857 |
||
| 650 |
_aAstrophysics. Technique _928858 |
||
| 650 |
_aImaging systems in astronomy _918422 |
||
| 942 | _cBK | ||
| 999 |
_c15653 _d15653 |
||